| 000 | 00671cab a2200205 4500 | ||
|---|---|---|---|
| 001 | ##ABS61075 | ||
| 008 | 090401t1999 xxu||||| |||| 00| 0 eng d | ||
| 035 | _a(Sirsi) u65 | ||
| 041 | 0 | _aeng | |
| 100 | 1 | _aSpring, M. | |
| 245 | 0 | 4 | _aThe living daylights |
| 260 | _c1999 | ||
| 350 | _a0 | ||
| 490 | 0 |
_aBuilding _v264(8099) 6 August 1999, 36-43(7) |
|
| 520 | _aPresents the new National Botanic Garden of Wales, Camarthenshire; built of concrete, glass and steel, the building blends into the surrounding countryside. Includes plans and cost data. | ||
| 651 |
_aUnited Kingdom _y |
||
| 690 | _aBUILT ENVIRONMENT-BUILDING COSTS | ||
| 942 |
_n0 _2ddc |
||
| 948 | _c31/08/1999 | ||
| 999 |
_c25 _d25 |
||